00493nam a2200157Ia 4500008004100000020001800041082001700059100006100076245006300137250000800200260004200208300002400250500001900274600002700293650001500320240925s9999 xx 000 0 und d a9788131720479 a629.8312 HOP aHopcroft, E. John; Motwani, Rajeev; Ullman ,Jeffrey D. 0aIntroduction to Automata Theory, Languages and Computation a3rd aNew Delhi:bPearson Educationc,2007. a941p.bNAfOriginal aIncludes Index aElectronic Engineering aTechnology